00778nab a2200241uuc450000100070000000500170000700800410002403500110006503500210007604000130009704100080011010000420011824500610016065000200022165000200024165000290026165000340029065000280032465000350035277301200038794200100050799900190051799552420240907091558.0061002e20050701 spa  a995524 a(OCoLC)820364150 ccomduadb aspa10aCorriente, Federico4auteaut928128110aNuevos arabismos en el vocabulario del noroeste murciano aArabismo935454 aLéxico987337 aMurcia (España)971448 aDerivacion (Gramatica)980433 aRomance (Lengua)965219 7aLenguaje y lenguas2lemb947780 tRevista de Filología Española (Madrid)gVol. 85, Fasc. 02, Jul.-Dic. 2005, p. 225-244w183103x0210-9174082857 cARIMP c397663d397663